000 00485nam a2200169Ia 4500
999 _c12326
_d12326
003 OSt
005 20201005104001.0
008 190216s9999||||xx |||||||||||||| ||und||
040 _coclc
082 _a821.3
_bSPE/F
100 _aSpenser, Edmund
_94794
245 4 _aThe Faerie Queene /
_cEdmund Spenser
260 _bMac Millian And Com. Ltd,
_c1965.
_aNew york:
300 _a342p
650 _aEnglish Stories
942 _cBK
_2ddc
_h821.3
_iSPE/F
_k821.3
_mSPE/F